000 00807cam a22002653a 4500
001 30007
003 PGUSA
005 20140828083640.0
008 090917s2009||||xxu|||||s|||||000 1 eng d
040 _aPGUSA
_beng
042 _adc
050 4 _aPZ
100 1 _aBlanchard, Amy Ella,
_d1856-1926
245 1 2 _aA Dear Little Girl's Thanksgiving Holidays
_h[electronic resource] /
_cAmy Ella Blanchard
260 _bProject Gutenberg,
_c2009
506 _aPublic domain in the USA.
516 _aElectronic text
653 _aFriendship -- Juvenile fiction
653 _aGirls -- Juvenile fiction
653 _aThanksgiving Day -- Juvenile fiction
653 _aOrphans -- Juvenile fiction
830 0 _aProject Gutenberg
_v30007
856 4 0 _uhttp://www.gutenberg.org/ebooks/30007
942 _cEB
999 _c259262
_d259262